000 00712nam a2200193Ia 4500
999 _c9781
_d9781
005 20231013103325.0
008 231013s9999 xx 000 0 und d
040 _aUPAN
_cBiblioteca San Vicente
_eRCAA2
041 _aspa
082 _a342.728 4
_bC531
_c2004
110 _aCorte Suprema de Justicia
_4aut.
245 0 _aLíneas y Criterios Jurisprudenciales de la Sala de lo Constitucional 2002/
_cCorte Suprema de Justicia
250 _a1º ed
260 _aEl Salvador:
_bCorte Suprema de Justicia,
_c2004
300 _a396 p.;
_c22 cm.
505 _a1. Proceso de Amparo, 2. Proceso de Hàbeas Corpus, 3. Proceso de Inconstitucionalidad
650 _2LEMB
_xJurisprudencia constitucional
942 _cBK
_2ddc